| 000 | 00853nam a2200253Ia 4500 | ||
|---|---|---|---|
| 003 | OSt | ||
| 005 | 20220923211152.0 | ||
| 006 | a|||||r|||| 00| 0 | ||
| 007 | ta | ||
| 008 | Pun | ||
| 020 |
_a81876541694 (hbk) _c275 |
||
| 024 | _a243,627 | ||
| 037 |
_b196, 08/10/2010, H.K. Prakashan _cTextual |
||
| 040 |
_aARTS _cARTS _bPun |
||
| 041 |
_2Pun _aPun |
||
| 082 | _aO153,3NVA1:g, P9 | ||
| 100 |
_aਥਾਪਰ, ਪ੍ਰਿਥਵੀ ਰਾਜ _9159049 |
||
| 245 | 0 | _aਵੀਨਾ ਵਰਮਾ ਦਾ ਗਲਪੀ ਜਗਤ | |
| 260 |
_aਦਿੱਲੀ _b ਮਨਪ੍ਰੀਤ ਪ੍ਰਕਾFਨ _c2009 |
||
| 300 |
_a175ਪੰ _ccm. |
||
| 650 | _aਪੰਜਾਬੀ ਸਾਹਿਤ | ||
| 942 |
_hO153,3NVA1:g, P9 _cTEXL _2CC |
||
| 999 |
_c296260 _d296260 |
||